000 00565cam a2200217 4500
001 H27
008 090401t1981 xxu||||| |||| 00| 0 eng d
035 _a(Sirsi) u36514
041 _aeng
050 _a690.231
100 _aHole, W.V.
245 _aConversions of older property to house single young people
260 _aGarston, Watford
_bBuilding Research Establishment
_c1981
300 _a4p. ; 30cm.
350 _a0
490 _aBRE Information Paper
_v13/81 s
650 _aHOUSING
650 _aSINGLE PEOPLE
942 _n0
948 _c04/03/1997
999 _c90311
_d90311